| 000 | 01479nam a2200313 c 4500 | ||
|---|---|---|---|
| 003 | BLK | ||
| 005 | 20180422113427.0 | ||
| 008 | 180410b bul|||||r ||||||| ||bul|| | ||
| 010 | _aKNG00162879000 | ||
| 040 | _aBLK | ||
| 041 |
_aBUL _cBUL |
||
| 080 |
_aДвижения срещу определени раси и националности _b323.12 _x _z323.12 |
||
| 700 | 1 |
_aНожнова, Н. Ф. _eавт.-състав. _9103795 |
|
| 700 | 1 |
_aОганисян, Ю. С. _eавт.-състав. _9104385 |
|
| 700 | 1 |
_aКиркова, Алиса _eпрев. от рус. _9381169 |
|
| 139 |
_aСъвременният расизъм _bС 96 |
||
| 245 | 1 | 0 |
_aСъвременният расизъм _bСб. док. и материали _cавт.-състав. Н. Ф. Ножнова; авт.-състав. Ю. С. Оганисян; прев. от рус. Алиса Киркова. |
| 257 | _aBGR | ||
| 260 |
_аСофия _bПартиздат _c1983 _fВ. Търново : Д. Найденов |
||
| 300 |
_a352 с. _c20 см |
||
| 380 | _a3 | ||
| 490 | 1 | _aИмпериализмът : Събития, факти, док. | |
| 500 | _aОриг. загл. - Современный расизм как он есть. - 1 110 тир. | ||
| 852 | _aЦб 119599 | ||
| 856 | 4 |
_qpdf _u |
|
| 856 | 4 |
_qpdf _u |
|
| 942 |
_cKNG _n0 |
||
| 944 |
_aCR _c10.07.2014 _l10.07.2014 - от С1,Р / 10.07.2014 _kЛюбка_Николова |
||
| 944 |
_aED _c15.03.2018 _l10.07.2014 - от С1,Р / 10.07.2014 _kСимона_Петрова |
||
| 999 |
_c156110 _d156110 |
||